Top XIs: Real Madrid (1974-2023) - Statistics

General Stats
  • This quiz has been taken 3,481 times
  • The average score is 268 of 500
Answer Stats
Hint Position Answer % Correct
2009/2010 ST Cristiano Ronaldo
98%
2010/2011 ST Cristiano Ronaldo
98%
2011/2012 ST Cristiano Ronaldo
98%
2012/2013 ST Cristiano Ronaldo
98%
2013/2014 ST Cristiano Ronaldo
98%
2013/2014 CdR ST Cristiano Ronaldo
98%
2014/2015 ST Cristiano Ronaldo
98%
2015/2016 ST Cristiano Ronaldo
98%
2016/2017 ST Cristiano Ronaldo
98%
2016/2017 UCL ST Cristiano Ronaldo
98%
2017/2018 ST Cristiano Ronaldo
98%
2002/2003 ST Ronaldo
98%
2003/2004 ST Ronaldo
98%
2004/2005 ST Ronaldo
98%
2005/2006 ST Ronaldo
98%
2011/2012 ST Karim Benzema
97%
2012/2013 ST Karim Benzema
97%
2013/2014 ST Karim Benzema
97%
2014/2015 ST Karim Benzema
97%
2015/2016 ST Karim Benzema
97%
2016/2017 ST Karim Benzema
97%
2016/2017 UCL ST Karim Benzema
97%
2017/2018 ST Karim Benzema
97%
2018/2019 UCL ST Karim Benzema
97%
2019/2020 ST Karim Benzema
97%
2020/2021 ST Karim Benzema
97%
2021/2022 ST Karim Benzema
97%
2022/2023 ST Karim Benzema
97%
2022/2023 UCL ST Karim Benzema
97%
2013/2014 MF Luka Modrić
96%
2015/2016 MF Luka Modrić
96%
2016/2017 MF Luka Modrić
96%
2016/2017 UCL MF Luka Modrić
96%
2017/2018 MF Luka Modrić
96%
2018/2019 UCL MF Luka Modrić
96%
2019/2020 MF Luka Modrić
96%
2020/2021 MF Luka Modrić
96%
2021/2022 MF Luka Modrić
96%
2022/2023 MF Luka Modrić
96%
2012/2013 DF Sergio Ramos
95%
2005/2006 DF Sergio Ramos
95%
2005/2006 UCL DF Sergio Ramos
95%
2006/2007 DF Sergio Ramos
95%
2007/2008 DF Sergio Ramos
95%
2008/2009 DF Sergio Ramos
95%
2009/2010 DF Sergio Ramos
95%
2011/2012 DF Sergio Ramos
95%
2013/2014 DF Sergio Ramos
95%
2013/2014 CdR DF Sergio Ramos
95%
2014/2015 DF Sergio Ramos
95%
2015/2016 DF Sergio Ramos
95%
2016/2017 DF Sergio Ramos
95%
2016/2017 UCL DF Sergio Ramos
95%
2017/2018 DF Sergio Ramos
95%
2018/2019 UCL DF Sergio Ramos
95%
2019/2020 DF Sergio Ramos
95%
2014/2015 MF Toni Kroos
95%
2015/2016 MF Toni Kroos
95%
2016/2017 MF Toni Kroos
95%
2016/2017 UCL MF Toni Kroos
95%
2017/2018 MF Toni Kroos
95%
2018/2019 UCL MF Toni Kroos
95%
2019/2020 MF Toni Kroos
95%
2020/2021 MF Toni Kroos
95%
2022/2023 UCL MF Toni Kroos
95%
2020/2021 ST Vinícius Júnior
94%
2021/2022 ST Vinícius Júnior
94%
2022/2023 ST Vinícius Júnior
94%
2022/2023 UCL ST Vinícius Júnior
94%
2013/2014 DF Daniel Carvajal
93%
2014/2015 DF Daniel Carvajal
93%
2016/2017 UCL DF Daniel Carvajal
93%
2017/2018 DF Daniel Carvajal
93%
2018/2019 UCL DF Daniel Carvajal
93%
2019/2020 DF Daniel Carvajal
93%
2021/2022 DF Daniel Carvajal
93%
2022/2023 DF Daniel Carvajal
93%
2022/2023 UCL DF Daniel Carvajal
93%
2013/2014 ST Gareth Bale
92%
2014/2015 ST Gareth Bale
92%
2015/2016 ST Gareth Bale
92%
2016/2017 UCL ST Gareth Bale
92%
2018/2019 UCL ST Gareth Bale
92%
2007/2008 DF Marcelo
91%
2009/2010 DF Marcelo
91%
2010/2011 DF Marcelo
91%
2011/2012 DF Marcelo
91%
2013/2014 DF Marcelo
91%
2014/2015 DF Marcelo
91%
2015/2016 DF Marcelo
91%
2016/2017 DF Marcelo
91%
2016/2017 UCL DF Marcelo
91%
2017/2018 DF Marcelo
91%
2015/2016 MF Casemiro
90%
2016/2017 UCL MF Casemiro
90%
2017/2018 MF Casemiro
90%
2018/2019 UCL MF Casemiro
90%
2019/2020 MF Casemiro
90%
2020/2021 MF Casemiro
90%
2021/2022 MF Casemiro
90%
2021/2022 ST Rodrygo
89%
2022/2023 ST Rodrygo
89%
2022/2023 UCL ST Rodrygo
89%
2015/2016 DF Raphaël Varane
87%
2016/2017 UCL DF Raphaël Varane
87%
2017/2018 DF Raphaël Varane
87%
2019/2020 DF Raphaël Varane
87%
2020/2021 DF Raphaël Varane
87%
2008/2009 DF Pepe
86%
2010/2011 DF Pepe
86%
2011/2012 DF Pepe
86%
2012/2013 DF Pepe
86%
2013/2014 DF Pepe
86%
2013/2014 CdR DF Pepe
86%
2014/2015 DF Pepe
86%
1995/1996 ST Raúl
84%
1996/1997 ST Raúl
84%
1997/1998 ST Raúl
84%
1998/1999 ST Raúl
84%
1999/2000 ST Raúl
84%
1999/2000 UCL ST Raúl
84%
2000/2001 ST Raúl
84%
2001/2002 ST Raúl
84%
2002/2003 ST Raúl
84%
2003/2004 ST Raúl
84%
2004/2005 ST Raúl
84%
2005/2006 UCL ST Raúl
84%
2006/2007 ST Raúl
84%
2007/2008 ST Raúl
84%
2008/2009 ST Raúl
84%
2022/2023 UCL DF Antonio Rüdiger
82%
2019/2020 DF Ferland Mendy
82%
2020/2021 DF Ferland Mendy
82%
2021/2022 DF Ferland Mendy
82%
2022/2023 DF Ferland Mendy
82%
2022/2023 UCL DF Ferland Mendy
82%
2013/2014 MF Isco
82%
2013/2014 CdR MF Isco
82%
2014/2015 MF Isco
82%
2021/2022 DF Éder Militão
81%
2022/2023 DF Éder Militão
81%
2001/2002 MF Zinédine Zidane
81%
2002/2003 MF Zinédine Zidane
81%
2003/2004 MF Zinédine Zidane
81%
2004/2005 MF Zinédine Zidane
81%
2005/2006 MF Zinédine Zidane
81%
2019/2020 MF Federico Valverde
80%
2021/2022 MF Federico Valverde
80%
2022/2023 MF Federico Valverde
80%
2022/2023 UCL MF Federico Valverde
80%
2021/2022 DF David Alaba
79%
2022/2023 DF David Alaba
79%
2022/2023 UCL DF David Alaba
79%
2004/2005 DF Roberto Carlos
78%
1996/1997 DF Roberto Carlos
78%
1997/1998 DF Roberto Carlos
78%
1998/1999 DF Roberto Carlos
78%
1999/2000 DF Roberto Carlos
78%
1999/2000 UCL DF Roberto Carlos
78%
2000/2001 DF Roberto Carlos
78%
2001/2002 DF Roberto Carlos
78%
2002/2003 DF Roberto Carlos
78%
2003/2004 DF Roberto Carlos
78%
2005/2006 DF Roberto Carlos
78%
2005/2006 UCL DF Roberto Carlos
78%
2006/2007 DF Roberto Carlos
78%
2003/2004 MF David Beckham
77%
2004/2005 MF David Beckham
77%
2005/2006 MF David Beckham
77%
2005/2006 UCL MF David Beckham
77%
2000/2001 MF Luís Figo
76%
2001/2002 MF Luís Figo
76%
2002/2003 MF Luís Figo
76%
2003/2004 MF Luís Figo
76%
2004/2005 MF Luís Figo
76%
2010/2011 MF Mesut Özil
76%
2011/2012 MF Mesut Özil
76%
2012/2013 MF Mesut Özil
76%
2016/2017 DF Nacho
76%
2018/2019 UCL DF Nacho
76%
2020/2021 DF Nacho
76%
2010/2011 MF Ángel Di María
75%
2012/2013 MF Ángel Di María
75%
2013/2014 MF Ángel Di María
75%
2013/2014 CdR MF Ángel Di María
75%
2022/2023 MF Aurélien Tchouameni
75%
2022/2023 UCL MF Aurélien Tchouameni
75%
2017/2018 MF Marco Asensio
75%
2020/2021 MF Marco Asensio
75%
2009/2010 MF Xabi Alonso
74%
2010/2011 MF Xabi Alonso
74%
2011/2012 MF Xabi Alonso
74%
2012/2013 MF Xabi Alonso
74%
2013/2014 CdR MF Xabi Alonso
74%
1989/1990 MF Fernando Hierro
73%
1990/1991 MF Fernando Hierro
73%
1991/1992 MF Fernando Hierro
73%
1992/1993 MF Fernando Hierro
73%
1993/1994 MF Fernando Hierro
73%
1993/1994 UC MF Fernando Hierro
73%
1994/1995 DF Fernando Hierro
73%
1995/1996 DF Fernando Hierro
73%
1996/1997 DF Fernando Hierro
73%
1997/1998 DF Fernando Hierro
73%
2000/2001 DF Fernando Hierro
73%
2001/2002 DF Fernando Hierro
73%
2008/2009 ST Gonzalo Higuaín
72%
2009/2010 ST Gonzalo Higuaín
72%
2011/2012 ST Gonzalo Higuaín
72%
2010/2011 MF Sami Khedira
71%
2011/2012 MF Sami Khedira
71%
2012/2013 DF Fábio Coentrão
67%
2013/2014 CdR DF Fábio Coentrão
67%
2009/2010 MF Kaká
67%
2010/2011 DF Álvaro Arbeloa
66%
2011/2012 DF Álvaro Arbeloa
66%
2012/2013 DF Álvaro Arbeloa
66%
2013/2014 CdR DF Álvaro Arbeloa
66%
1987/1988 MF Martín Vázquez
66%
1988/1989 MF Martín Vázquez
66%
1989/1990 MF Martín Vázquez
66%
1994/1995 MF Martín Vázquez
66%
2014/2015 MF James Rodríguez
63%
1999/2000 MF Guti
62%
2000/2001 MF Guti
62%
2005/2006 MF Guti
62%
2005/2006 UCL MF Guti
62%
2006/2007 MF Guti
62%
2007/2008 MF Guti
62%
2006/2007 ST Ruud van Nistelrooy
62%
2007/2008 ST Ruud van Nistelrooy
62%
2008/2009 MF Arjen Robben
60%
2006/2007 DF Fabio Cannavaro
59%
2007/2008 DF Fabio Cannavaro
59%
2008/2009 DF Fabio Cannavaro
59%
2019/2020 MF Eden Hazard
57%
1985/1986 ST Hugo Sánchez
57%
1986/1987 ST Hugo Sánchez
57%
1987/1988 ST Hugo Sánchez
57%
1988/1989 ST Hugo Sánchez
57%
1989/1990 ST Hugo Sánchez
57%
2000/2001 MF Claude Makélélé
56%
2001/2002 MF Claude Makélélé
56%
2002/2003 MF Claude Makélélé
56%
1999/2000 ST Fernando Morientes
56%
1999/2000 UCL ST Fernando Morientes
56%
2001/2002 ST Fernando Morientes
56%
1984/1985 ST Emilio Butragueño
52%
1985/1986 ST Emilio Butragueño
52%
1986/1987 ST Emilio Butragueño
52%
1987/1988 ST Emilio Butragueño
52%
1988/1989 ST Emilio Butragueño
52%
1989/1990 ST Emilio Butragueño
52%
1990/1991 ST Emilio Butragueño
52%
1991/1992 ST Emilio Butragueño
52%
1992/1993 ST Emilio Butragueño
52%
1993/1994 ST Emilio Butragueño
52%
2004/2005 ST Michael Owen
51%
1999/2000 DF Míchel Salgado
50%
1999/2000 UCL DF Míchel Salgado
50%
2000/2001 DF Míchel Salgado
50%
2001/2002 DF Míchel Salgado
50%
2002/2003 DF Míchel Salgado
50%
2003/2004 DF Míchel Salgado
50%
2004/2005 DF Míchel Salgado
50%
2010/2011 DF Ricardo Carvalho
50%
2008/2009 MF Lassana Diarra
49%
2009/2010 MF Lassana Diarra
49%
2006/2007 MF Mahamadou Diarra
49%
2009/2010 DF Raúl Albiol
49%
2007/2008 MF Wesley Sneijder
49%
2016/2017 ST Álvaro Morata
47%
1999/2000 MF Iván Helguera
47%
1999/2000 UCL MF Iván Helguera
47%
2000/2001 MF Iván Helguera
47%
2002/2003 DF Iván Helguera
47%
2003/2004 DF Iván Helguera
47%
2004/2005 DF Iván Helguera
47%
2005/2006 DF Iván Helguera
47%
2006/2007 DF Iván Helguera
47%
2005/2006 ST Robinho
47%
2005/2006 UCL ST Robinho
47%
2006/2007 ST Robinho
47%
2007/2008 ST Robinho
47%
1996/1997 MF Clarence Seedorf
46%
1997/1998 MF Clarence Seedorf
46%
1998/1999 MF Clarence Seedorf
46%
2015/2016 DF Danilo
46%
2016/2017 DF Danilo
46%
1999/2000 UCL MF Steve McManaman
46%
2000/2001 MF Steve McManaman
46%
1994/1995 MF Fernando Redondo
40%
1995/1996 MF Fernando Redondo
40%
1996/1997 MF Fernando Redondo
40%
1997/1998 MF Fernando Redondo
40%
1998/1999 MF Fernando Redondo
40%
1999/2000 MF Fernando Redondo
40%
1999/2000 UCL MF Fernando Redondo
40%
2016/2017 MF Mateo Kovačić
38%
2008/2009 MF Rafa van der Vaart
38%
2009/2010 MF Rafa van der Vaart
38%
1996/1997 ST Davor Šuker
36%
1997/1998 ST Davor Šuker
36%
2007/2008 MF Fernando Gago
35%
2008/2009 MF Fernando Gago
35%
1991/1992 MF Luis Enrique
35%
1992/1993 MF Luis Enrique
35%
1993/1994 MF Luis Enrique
35%
1993/1994 UC MF Luis Enrique
35%
1994/1995 MF Luis Enrique
35%
1995/1996 MF Luis Enrique
35%
1994/1995 MF Michael Laudrup
35%
1995/1996 MF Michael Laudrup
35%
1999/2000 UCL ST Nicola Anelka
34%
1996/1997 ST Predrag Mijatović
34%
1997/1998 ST Predrag Mijatović
34%
1998/1999 ST Predrag Mijatović
34%
2012/2013 MF Michael Essien
33%
1984/1985 DF Manuel Sanchís
32%
1986/1987 DF Manuel Sanchís
32%
1987/1988 DF Manuel Sanchís
32%
1988/1989 DF Manuel Sanchís
32%
1989/1990 DF Manuel Sanchís
32%
1990/1991 DF Manuel Sanchís
32%
1991/1992 DF Manuel Sanchís
32%
1992/1993 DF Manuel Sanchís
32%
1993/1994 DF Manuel Sanchís
32%
1993/1994 UC DF Manuel Sanchís
32%
1994/1995 DF Manuel Sanchís
32%
1995/1996 DF Manuel Sanchís
32%
1997/1998 DF Manuel Sanchís
32%
1998/1999 DF Manuel Sanchís
32%
1998/1999 MF Sávio
32%
1999/2000 MF Sávio
32%
2013/2014 CdR MF Asier Illarramendi
31%
2010/2011 ST Emmanuel Adebayor
30%
2007/2008 DF Gabriel Heinze
30%
2008/2009 DF Gabriel Heinze
30%
2013/2014 CdR ST Jesé
30%
2001/2002 MF Santiago Solari
30%
2003/2004 MF Santiago Solari
30%
1992/1993 ST Iván Zamorano
29%
1993/1994 ST Iván Zamorano
29%
1994/1995 ST Iván Zamorano
29%
1995/1996 ST Iván Zamorano
29%
1984/1985 MF Míchel
27%
1985/1986 MF Míchel
27%
1986/1987 MF Míchel
27%
1987/1988 MF Míchel
27%
1988/1989 MF Míchel
27%
1989/1990 MF Míchel
27%
1990/1991 MF Míchel
27%
1991/1992 MF Míchel
27%
1992/1993 MF Míchel
27%
1993/1994 MF Míchel
27%
1993/1994 UC MF Míchel
27%
2004/2005 DF Wálter Samuel
27%
1996/1997 DF Christian Panucci
26%
1997/1998 DF Christian Panucci
26%
1998/1999 DF Christian Panucci
26%
2002/2003 MF Esteban Cambiasso
26%
1980/1981 ST Santillana
26%
1981/1982 ST Santillana
26%
1982/1983 ST Santillana
26%
1983/1984 ST Santillana
26%
1984/1985 ST Santillana
26%
2005/2006 UCL MF Thomas Gravesen
26%
1997/1998 MF Christian Karembeu
25%
1988/1989 MF Bernd Schuster
24%
1989/1990 MF Bernd Schuster
24%
2018/2019 UCL DF Sergio Reguilón
24%
1999/2000 DF Aitor Karanka
23%
1999/2000 UCL DF Aitor Karanka
23%
2000/2001 DF Aitor Karanka
23%
2001/2002 DF Francisco Pavón
23%
2002/2003 DF Francisco Pavón
23%
2005/2006 UCL DF Francisco Pavón
23%
2006/2007 MF Émerson
22%
1990/1991 MF Gheorghe Hagi
22%
1991/1992 MF Gheorghe Hagi
22%
1982/1983 MF Isidoro San José
22%
1983/1984 MF Isidoro San José
22%
1984/1985 MF Isidoro San José
22%
2005/2006 MF Júlio Baptista
22%
2005/2006 UCL MF Júlio Baptista
22%
1979/1980 MF Pirri
22%
2003/2004 DF Raúl Bravo
22%
1980/1981 DF José A. Camacho
21%
1981/1982 DF José A. Camacho
21%
1982/1983 DF José A. Camacho
21%
1983/1984 DF José A. Camacho
21%
1984/1985 DF José A. Camacho
21%
1985/1986 DF José A. Camacho
21%
1987/1988 DF José A. Camacho
21%
1979/1980 MF Vicente del Bosque
21%
1980/1981 MF Vicente del Bosque
21%
1981/1982 MF Vicente del Bosque
21%
1983/1984 DF Chendo
20%
1984/1985 DF Chendo
20%
1985/1986 DF Chendo
20%
1986/1987 DF Chendo
20%
1987/1988 DF Chendo
20%
1988/1989 DF Chendo
20%
1989/1990 DF Chendo
20%
1990/1991 DF Chendo
20%
1991/1992 DF Chendo
20%
1993/1994 DF Chendo
20%
1998/1999 DF Iván Campo
20%
1999/2000 UCL DF Iván Campo
20%
2009/2010 DF Ezequiel Garay
19%
1980/1981 ST Juanito
19%
1981/1982 ST Juanito
19%
1982/1983 ST Juanito
19%
1983/1984 ST Juanito
19%
2005/2006 DF Cicinho
17%
1984/1985 ST Jorge Valdano
17%
1985/1986 ST Jorge Valdano
17%
1986/1987 ST Jorge Valdano
17%
1979/1980 ST Roberto Martínez
17%
1979/1980 DF Amancio
15%
1979/1980 DF Paul Breitner
14%
1981/1982 DF Uli Stielike
14%
1982/1983 DF Uli Stielike
14%
1983/1984 DF Uli Stielike
14%
1984/1985 DF Uli Stielike
14%
1994/1995 MF José E. Amavisca
13%
2018/2019 UCL MF Lucas Vázquez
13%
2020/2021 DF Lucas Vázquez
13%
1985/1986 MF Rafael Gordillo
13%
1986/1987 MF Rafael Gordillo
13%
1987/1988 MF Rafael Gordillo
13%
1988/1989 MF Rafael Gordillo
13%
1989/1990 DF Rafael Gordillo
13%
1992/1993 MF Robert Prosinečki
13%
1993/1994 UC MF Robert Prosinečki
13%
1999/2000 DF Júlio César
12%
1993/1994 DF Rafael Alkorta
12%
1993/1994 UC DF Rafael Alkorta
12%
1996/1997 DF Rafael Alkorta
12%
1998/1999 MF Robert Jarni
12%
1980/1981 ST Laurie Cunningham
11%
1991/1992 MF Luis Milla
11%
1993/1994 MF Luis Milla
11%
1995/1996 MF Luis Milla
11%
1994/1995 DF Quique S. Flores
11%
1995/1996 DF Quique S. Flores
11%
1993/1994 UC ST Alfonso
10%
1979/1980 MF Günter Netzer
10%
1989/1990 DF Oscar Ruggeri
10%
1980/1981 MF Ricardo Gallego
10%
1981/1982 MF Ricardo Gallego
10%
1982/1983 MF Ricardo Gallego
10%
1983/1984 MF Ricardo Gallego
10%
1984/1985 MF Ricardo Gallego
10%
1985/1986 MF Ricardo Gallego
10%
1986/1987 MF Ricardo Gallego
10%
1981/1982 MF Ángel
9%
1982/1983 MF Ángel
9%
1983/1984 MF Ángel
9%
1979/1980 DF Gregorio Benito
9%
1992/1993 DF Mikel Lasa
9%
1993/1994 DF Mikel Lasa
9%
1993/1994 UC DF Mikel Lasa
9%
1994/1995 DF Mikel Lasa
9%
1995/1996 DF Mikel Lasa
9%
1992/1993 DF Nando
9%
1993/1994 UC DF Nando
9%
2005/2006 UCL DF Carlos Diogo
8%
1991/1992 DF Ricardo Rocha
8%
1992/1993 DF Ricardo Rocha
8%
1987/1988 DF Miguel Tendillo
7%
1988/1989 DF Miguel Tendillo
7%
1996/1997 MF Víctor
7%
1985/1986 DF Antonio Maceda
6%
1986/1987 DF Chucho Solana
6%
1988/1989 DF Chucho Solana
6%
1990/1991 DF Chucho Solana
6%
1991/1992 DF
Francisco Villarroya
6%
1993/1994 UC ST Peter Dubovský
6%
1980/1981 DF Enrique Wolff
6%
1981/1982 ST Francisco Pineda
6%
1982/1983 ST Francisco Pineda
6%
1983/1984 ST Francisco Pineda
6%
1990/1991 MF Francisco Villarroya
6%
1980/1981 DF Henning Jensen
6%
1982/1983 DF John Metgod
5%
1983/1984 DF John Metgod
5%
1985/1986 DF José A. Salguero
5%
1986/1987 DF José A. Salguero
5%
1982/1983 DF Juan José Jiménez
5%
1987/1988 MF Milan Janković
5%
1990/1991 DF Predrag Spasić
5%
1990/1991 MF Adolfo Aldana
4%
1980/1981 DF Andrés Sabido
4%
1981/1982 DF Andrés Sabido
4%
1979/1980 DF Benito Rubiñán
4%
1980/1981 MF Carlos Guerini
4%
1979/1980 ST Juan Sol
4%
1981/1982 DF Rafael García Cortés
4%
1979/1980 ST Francisco Uría
3%
No matching quizzes found
Score Distribution
Percent of People with Each Score
Percentile by Number Answered
Your Score History
You have not taken this quiz